ბათუმის შოთა რუსთაველის სახელმწიფო უნივერსიტეტის ბიბლიოთეკა

სელექცია–მეთესლეობის თეორიული საფუძვლები. (ბიბ.ჩანაწერი № 44721)

000 -LEADER
fixed length control field 00737nam a2200205Ia 4500
001 - CONTROL NUMBER
control field 11526
003 - CONTROL NUMBER IDENTIFIER
control field GE_BSU
008 - FIXED-LENGTH DATA ELEMENTS--GENERAL INFORMATION
fixed length control field 181216s||||||||xx |||||||||||||| ||und||
040 ## - CATALOGING SOURCE
Transcribing agency GE_BSU
080 ## - UNIVERSAL DECIMAL CLASSIFICATION NUMBER
Universal Decimal Classification number 631.527+631.53.02
100 ## - MAIN ENTRY--PERSONAL NAME
Personal name მამფორია,ფ.დ.
245 ## - TITLE STATEMENT
Title სელექცია–მეთესლეობის თეორიული საფუძვლები.
245 ## - TITLE STATEMENT
Statement of responsibility, etc. რედ:ე.თოფურიძე.
260 ## - PUBLICATION, DISTRIBUTION, ETC.
Place of publication, distribution, etc. თბილისი.
260 ## - PUBLICATION, DISTRIBUTION, ETC.
Name of publisher, distributor, etc. სახელგამი.
260 ## - PUBLICATION, DISTRIBUTION, ETC.
Date of publication, distribution, etc. 1949.
300 ## - PHYSICAL DESCRIPTION
Extent 350გვ;23სმ.
653 ## - INDEX TERM--UNCONTROLLED
Uncontrolled term სელექცია–მეთესლეობის თეორიული საფუძვლები.
942 ## - ADDED ENTRY ELEMENTS (KOHA)
Koha item type წიგნი
ეგზემპლარები
Withdrawn status Lost status Damaged status Not for loan Date acquired Barcode Date last seen Price effective from Koha item type
        2018-12-17 20175 2018-12-17 2018-12-17 წიგნი
        2018-12-17 20174 2018-12-17 2018-12-17 წიგნი
        2018-12-17 20173 2018-12-17 2018-12-17 წიგნი
        2018-12-17 20172 2018-12-17 2018-12-17 წიგნი
        2018-12-17 20171 2018-12-17 2018-12-17 წიგნი